000
00209nam a2200085Ia 4500
008
120527s9999 xx 000 0 und d
100
_a
MARSHALL, Will
245
_a
Rich share owner, poor share owner
942
_c
BK
999
_c
26628
_d
26628